[Event "XIII - WC Individual Men"]
[Site "Malente GER"]
[Date "2004.07.25"]
[Round "1.11"]
[White "Tikhonov A. (RUS)"]
[Black "Georgiev V. (BUL)"]
[Result "1/2-1/2"]
[WhiteElo "1910"]
[BlackElo "2332"]
[PlyCount "83"]
[EventDate "2004.??.??"]
[EventType "swiss"]
[EventRounds "11"]
[EventCountry "GER"]

1. e4 c5 2. Nc3 Nc6 3. Nf3 e6 4. g3 d6 5. Bg2 Nf6 6. O-O Be7 7. d4 cxd4 8. Nxd4
Qc7 9. Ndb5 Qb8 10. Bf4 Ne5 11. a4 a6 12. Na3 O-O 13. Qd2 Qc7 14. h3 b6 15. Be3
Bb7 16. Rfe1 Rfd8 17. f4 Ned7 18. Qf2 Rab8 19. Kh2 Bc6 20. Bd4 b5 21. axb5 axb5
22. Nd5 exd5 23. exd5 Nxd5 24. Bxd5 Bxd5 25. Rxe7 b4 26. Nb1 Re8 27. Ra7 Bb7
28. Rxe8+ Rxe8 29. Nd2 Qc6 30. g4 h6 31. Kg3 Nc5 32. Bxc5 dxc5 33. Qf3 Qxf3+
34. Nxf3 Be4 35. Rc7 Bxc2 36. Rxc5 Bd1 37. Rd5 Bc2 38. Kf2 Ra8 39. Rb5 b3 40.
Nd4 Ra2 41. Nxb3 Rxb2 42. Nd4 1/2-1/2

[Event "XIII - WC Individual Men"]
[Site "Malente GER"]
[Date "2004.07.25"]
[Round "1.11"]
[White "Salov S. (RUS)"]
[Black "Kluss E. (LAT)"]
[Result "1-0"]
[WhiteElo "2291"]
[BlackElo "1805"]
[PlyCount "47"]
[EventDate "2004.??.??"]
[EventType "swiss"]
[EventRounds "11"]
[EventCountry "GER"]

1. e4 c5 2. Nf3 Nc6 3. d4 d6 4. d5 Ne5 5. Nxe5 dxe5 6. Nc3 e6 7. Bb5+ Bd7 8.
dxe6 fxe6 9. Qh5+ g6 10. Qxe5 Qf6 11. Bxd7+ Kxd7 12. Qg3 Bd6 13. f4 Bc7 14. Be3
b6 15. O-O-O+ Ke8 16. e5 Qf7 17. Ne4 h6 18. Qf3 Rc8 19. Qe2 Bb8 20. Qa6 Rc6 21.
Qb5 Qb7 22. Nxc5 a6 23. Nxb7 axb5 24. Rd8+ 1-0

[Event "XIII - WC Individual Men"]
[Site "Malente GER"]
[Date "2004.07.25"]
[Round "1.11"]
[White "Peshev T. (BUL)"]
[Black "Kovalenko V.N. (UKR)"]
[Result "0-1"]
[WhiteElo "1840"]
[BlackElo "2263"]
[PlyCount "182"]
[EventDate "2004.??.??"]
[EventType "swiss"]
[EventRounds "11"]
[EventCountry "GER"]

1. e4 c5 2. Nf3 Nc6 3. d4 cxd4 4. Nxd4 g6 5. c3 Bg7 6. Be3 Nf6 7. Nd2 O-O 8.
Be2 d5 9. Nxc6 bxc6 10. exd5 Nxd5 11. Bc5 Nf4 12. Bf1 Qd5 13. Be3 Nxg2+ 14.
Bxg2 Qxg2 15. Qf3 Qxf3 16. Nxf3 Be6 17. Nd2 Rfb8 18. Nf3 a5 19. O-O a4 20. Nd4
Bd5 21. b4 axb3 22. axb3 e5 23. Nc2 Bxb3 24. Nb4 Bd5 25. Rfd1 Rxa1 26. Rxa1 Bf3
27. Bc5 Bf8 28. Bxf8 Kxf8 29. h4 Ke7 30. Kh2 Ke6 31. Ra6 Rc8 32. Kg3 Bd5 33. f3
h5 34. Kf2 Rc7 35. Ke3 Kd6 36. Ra8 Bc4 37. Rd8+ Ke7 38. Rb8 c5 39. Nc2 Ke6 40.
Na3 Bf1 41. Kf2 Ra7 42. Rb3 Ba6 43. Rb6+ Kd5 44. Rb2 Bd3 45. c4+ Kc6 46. Rb3
Bf5 47. Ke3 Ra4 48. Kd2 Rb4 49. Re3 f6 50. Kc3 Rb8 51. Nb5 Rd8 52. Na3 Rd4 53.
Nb5 Rxh4 54. Na7+ Kb6 55. Nb5 Be6 56. Nd6 Kc6 57. Ne4 f5 58. Nd2 Kd6 59. Rd3+
Rd4 60. Re3 h4 61. Re1 h3 62. Rg1 h2 63. Rh1 Rh4 64. Kd3 Ke7 65. Ke3 Bxc4 66.
Kf2 Bd5 67. Kg3 Rh8 68. Nf1 c4 69. Nxh2 c3 70. Rc1 Rc8 71. f4 exf4+ 72. Kxf4 c2
73. Nf1 Kf6 74. Ke3 g5 75. Kd4 Bb3 76. Nd2 Ba4 77. Kd3 g4 78. Ke3 Kg5 79. Kf2
Rd8 80. Ke1 Rh8 81. Ke2 Rh2+ 82. Ke3 f4+ 83. Kd3 f3 84. Ne4+ Kf4 85. Nc5 Bb5+
86. Kc3 f2 87. Ne6+ Ke5 88. Rxc2 Rh3+ 89. Kb4 f1=Q 90. Rc5+ Kxe6 91. Rf5 Rf3
0-1

[Event "XIII - WC Individual Men"]
[Site "Malente GER"]
[Date "2004.07.25"]
[Round "1.11"]
[White "Nauryzgaliev A. (KAZ)"]
[Black "Gardner P.K. (ENG)"]
[Result "1-0"]
[WhiteElo "2060"]
[BlackElo "1830"]
[PlyCount "83"]
[EventDate "2004.??.??"]
[EventType "swiss"]
[EventRounds "11"]
[EventCountry "GER"]

1. d4 Nf6 2. Bg5 c5 3. Bxf6 gxf6 4. d5 Qb6 5. Qc1 Bg7 6. c3 f5 7. Na3 O-O 8. e3
e5 9. Nf3 d6 10. g3 Nd7 11. Qc2 e4 12. Nh4 Ne5 13. Nc4 Nxc4 14. Bxc4 Bd7 15.
Qe2 Rae8 16. a4 a6 17. a5 Qd8 18. Ng2 Re5 19. Nf4 Qg5 20. Ra3 Bc8 21. Rb3 Rd8
22. Rb6 Ree8 23. Rg1 Be5 24. Qf1 Kh8 25. Be2 Rg8 26. Qh3 Bxf4 27. exf4 Qe7 28.
Bh5 Rg7 29. Qf1 Qf6 30. Qe2 Rdg8 31. h4 Re8 32. Qe3 Re7 33. Kd2 Rc7 34. Ra1 Bd7
35. Be2 Qe7 36. Bf1 f6 37. Ra3 Qf7 38. c4 Bc8 39. Bh3 Qe7 40. Rab3 Rg8 41. Qe2
Qf8 42. Qh5 1-0

[Event "XIII - WC Individual Men"]
[Site "Malente GER"]
[Date "2004.07.25"]
[Round "1.11"]
[White "Patackas J.P. (LTU)"]
[Black "Màtè B. (HUN)"]
[Result "1-0"]
[WhiteElo "1830"]
[BlackElo "2182"]
[PlyCount "135"]
[EventDate "2004.??.??"]
[EventType "swiss"]
[EventRounds "11"]
[EventCountry "GER"]

1. e4 c6 2. d4 d5 3. Nd2 dxe4 4. Nxe4 Bf5 5. Ng3 Bg6 6. h4 h6 7. Nf3 Nd7 8. h5
Bh7 9. Bd3 Bxd3 10. Qxd3 e6 11. Bd2 Ngf6 12. O-O-O Qc7 13. Ne4 O-O-O 14. c4 Be7
15. Qe2 c5 16. Nc3 cxd4 17. Nxd4 a6 18. Nf3 Nc5 19. Kb1 Bd6 20. Be3 Be7 21. Bd4
Ncd7 22. Ne5 Nxe5 23. Bxe5 Qc6 24. g4 Rxd1+ 25. Rxd1 Rd8 26. Rxd8+ Bxd8 27. f3
Ne8 28. Qd3 f6 29. Bd4 Qd7 30. Kc2 Be7 31. b3 Bb4 32. Na4 Qd6 33. Bc3 Qxd3+ 34.
Kxd3 Be7 35. Bd4 Kc7 36. Bc5 Nd6 37. Bxd6+ Bxd6 38. c5 Bg3 39. Kc4 Kc6 40. Nb2
Bh2 41. b4 Bf4 42. Nd3 Bd2 43. a4 Be3 44. b5+ axb5+ 45. axb5+ Kd7 46. Nb4 Bd2
47. Nc2 Bf4 48. b6 Be5 49. Kb5 Bg3 50. Ne3 Bf2 51. Nc4 Bg3 52. Na5 Kc8 53. c6
bxc6+ 54. Kxc6 Kd8 55. Nb7+ Ke7 56. Nc5 Bf4 57. b7 f5 58. Na6 Kd8 59. gxf5 exf5
60. Kd5 Ke7 61. b8=Q Bxb8 62. Nxb8 Kf6 63. f4 g6 64. Nd7+ Kg7 65. hxg6 Kxg6 66.
Ne5+ Kf6 67. Nf3 h5 68. Nh4 1-0

[Event "XIII - WC Individual Men"]
[Site "Malente GER"]
[Date "2004.07.25"]
[Round "1.11"]
[White "Anarkulov A. (UZB)"]
[Black "Wagner P. (SUI)"]
[Result "1-0"]
[WhiteElo "2166"]
[BlackElo "1810"]
[PlyCount "77"]
[EventDate "2004.??.??"]
[EventType "swiss"]
[EventRounds "11"]
[EventCountry "GER"]

1. e4 e5 2. Nf3 Nc6 3. Bb5 a6 4. Ba4 d6 5. O-O Bg4 6. h3 h5 7. d4 b5 8. Bb3
Nxd4 9. hxg4 hxg4 10. Ng5 Nh6 11. Nc3 Be7 12. Nxf7 Nxf7 13. Qxg4 Nxb3 14. axb3
Bf6 15. Be3 Qd7 16. Qxd7+ Kxd7 17. Ra5 Kc6 18. Nd5 Kb7 19. Rfa1 c5 20. b4 Bd8
21. R5a3 c4 22. b3 cxb3 23. Rxb3 Bg5 24. f3 Bxe3+ 25. Nxe3 Rh5 26. Kf2 g6 27.
Rba3 Rhh8 28. c4 Ng5 29. cxb5 axb5 30. Ra5 Ne6 31. Rxb5+ Kc7 32. Rc1+ Kd7 33.
Rb7+ Ke8 34. Kg3 Rd8 35. Nd5 Nd4 36. Rcc7 Ne2+ 37. Kf2 Nd4 38. Nf6+ Kf8 39.
Rf7# 1-0

[Event "XIII - WC Individual Men"]
[Site "Malente GER"]
[Date "2004.07.25"]
[Round "1.11"]
[White "Bairamov A. (TKM)"]
[Black "Hoffmann R. (GER)"]
[Result "1/2-1/2"]
[WhiteElo "1805"]
[BlackElo "2139"]
[PlyCount "150"]
[EventDate "2004.??.??"]
[EventType "swiss"]
[EventRounds "11"]
[EventCountry "GER"]

1. Nf3 d5 2. d4 c6 3. e3 Bg4 4. Nbd2 Nd7 5. Be2 Ngf6 6. c3 Qc7 7. Qc2 e6 8. O-O
Bd6 9. h3 Bf5 10. Bd3 Bxd3 11. Qxd3 O-O 12. Re1 Rae8 13. b3 e5 14. dxe5 Nxe5
15. Qc2 Qe7 16. Bb2 Nxf3+ 17. Nxf3 Ne4 18. c4 Bb4 19. Red1 dxc4 20. bxc4 Bc5
21. Bd4 b6 22. a4 Qc7 23. Qb2 f6 24. Bxc5 Nxc5 25. Rd4 Rd8 26. Qc2 Ne6 27. Rdd1
Rfe8 28. Nd4 Nxd4 29. Rxd4 Rxd4 30. exd4 Qf4 31. Rd1 Qe4 32. Qb3 Rd8 33. Qe3
Re8 34. Re1 f5 35. Qxe4 fxe4 36. Kf1 Kf7 37. Ke2 a6 38. Ke3 b5 39. cxb5 cxb5
40. axb5 axb5 41. Rb1 Rb8 42. Kxe4 Ke6 43. d5+ Kd6 44. Kd4 b4 45. Rb3 Rb5 46.
Kc4 Rc5+ 47. Kxb4 Rxd5 48. Kc4 Rf5 49. Rb2 Rf4+ 50. Kd3 Ke5 51. Ke3 Ra4 52.
Rb5+ Kf6 53. Rb3 h6 54. Kf3 Ra6 55. g4 Ra4 56. Rb6+ Kf7 57. Kg3 Ra3+ 58. f3 Ra4
59. Rb5 Ra3 60. h4 Ra4 61. h5 Ra7 62. Rf5+ Ke6 63. Rf4 Rb7 64. Ra4 Kf7 65. Ra3
Rc7 66. f4 Rb7 67. Ra4 Rb3+ 68. Kh4 Rb7 69. g5 hxg5+ 70. Kxg5 Rb5+ 71. f5 Rb7
72. Ra6 Rb1 73. Ra7+ Kg8 74. Ra4 Kf7 75. Rh4 Ra1 1/2-1/2

[Event "XIII - WC Individual Men"]
[Site "Malente GER"]
[Date "2004.07.25"]
[Round "1.11"]
[White "Bokros I. (HUN)"]
[Black "Carmichael I. (SCO)"]
[Result "1-0"]
[WhiteElo "2130"]
[BlackElo "1805"]
[PlyCount "63"]
[EventDate "2004.??.??"]
[EventType "swiss"]
[EventRounds "11"]
[EventCountry "GER"]

1. e4 c5 2. Nf3 d6 3. d4 cxd4 4. Nxd4 Nf6 5. Nc3 a6 6. Bg5 e6 7. f4 Be7 8. Qf3
Qc7 9. O-O-O b5 10. e5 Bb7 11. Qe2 dxe5 12. fxe5 Nd5 13. Bxe7 Nxc3 14. Qg4
Nxa2+ 15. Kb1 Nc3+ 16. bxc3 Qxe7 17. Qxg7 Rf8 18. Be2 Nd7 19. Bf3 Bxf3 20. gxf3
Rc8 21. Ne2 b4 22. Rd6 bxc3 23. Rhd1 Nb8 24. Nxc3 Qb7+ 25. Kc1 Qb4 26. Ne4 Qa3+
27. Kd2 Qb4+ 28. Kc1 Qa3+ 29. Kd2 Qb4+ 30. c3 Qb2+ 31. Ke1 Qa3 32. Nf6+ 1-0

[Event "XIII - WC Individual Men"]
[Site "Malente GER"]
[Date "2004.07.25"]
[Round "1.11"]
[White "Frajka P. (SVK) "]
[Black "Vujcic T. (CRO)"]
[Result "0-1"]
[WhiteElo "1805"]
[BlackElo "2128"]
[PlyCount "104"]
[EventDate "2004.??.??"]
[EventType "swiss"]
[EventRounds "11"]
[EventCountry "GER"]

1. e4 e5 2. Nf3 Nc6 3. Bb5 a6 4. Ba4 Nf6 5. O-O b5 6. Bb3 Be7 7. c3 O-O 8. Re1
d6 9. h3 Na5 10. Bc2 c5 11. d4 Qc7 12. Nbd2 Bd7 13. Nf1 Rfe8 14. d5 Qc8 15. Kh2
Bf8 16. Ng3 g6 17. Bg5 Bg7 18. Qc1 b4 19. cxb4 cxb4 20. Bd3 Nb7 21. Qd2 Nc5 22.
Rac1 Qb7 23. Bb1 b3 24. a3 Bb5 25. Be3 Nfd7 26. Rc3 Rac8 27. Ne2 Bxe2 28. Qxe2
Na4 29. Rxc8 Rxc8 30. Rc1 Rxc1 31. Bxc1 Qc8 32. Be3 Ndc5 33. Ne1 f5 34. f3 f4
35. Bf2 Bf8 36. Qd2 Qb7 37. Nd3 Qb5 38. Nxc5 Nxc5 39. Bxc5 Qxc5 40. Bd3 Be7 41.
Bxa6 Qc2 42. Qe2 Bh4 43. Bd3 Bg3+ 44. Kg1 Qc5+ 45. Kh1 Qc1+ 46. Qf1 Qxb2 47. a4
Qc3 48. Qd1 b2 49. Bc2 Qe3 50. Qg1 Bf2 51. Qf1 Qc1 52. Bd3 Qxf1+ 0-1

[Event "XIII - WC Individual Men"]
[Site "Malente GER"]
[Date "2004.07.25"]
[Round "1.11"]
[White "Checiak K. (POL)"]
[Black "Gründer M. (GER)"]
[Result "1/2-1/2"]
[WhiteElo "2117"]
[BlackElo "1805"]
[PlyCount "103"]
[EventDate "2004.??.??"]
[EventType "swiss"]
[EventRounds "11"]
[EventCountry "GER"]

1. c4 g6 2. Nc3 Bg7 3. d4 d6 4. e4 Nc6 5. Be3 e5 6. Nge2 f5 7. dxe5 dxe5 8.
Qxd8+ Kxd8 9. O-O-O+ Bd7 10. f3 Nf6 11. exf5 gxf5 12. Bg5 Kc8 13. g3 h6 14. Be3
Ne7 15. Bc5 Re8 16. Bh3 b6 17. Bxe7 Rxe7 18. Rd3 c6 19. Rhd1 Kc7 20. Rd6 h5 21.
Kc2 h4 22. gxh4 Rh8 23. Ng3 Rxh4 24. Bxf5 Rxh2+ 25. R6d2 Rxd2+ 26. Rxd2 Bh6 27.
Re2 Bf4 28. Bxd7 Bxg3 29. Bf5 Rg7 30. Rg2 Rg5 31. Be6 Bf4 32. Bg4 Rg8 33. Ne2
Be3 34. Kd3 Bh6 35. Kc2 Be3 36. Nc3 Bf4 37. Nd1 Rh8 38. Nf2 Rh2 39. Rxh2 Bxh2
40. Bf5 Bf4 41. Kd3 Kd6 42. Nd1 Kc5 43. Be6 Kd6 44. Bf7 Ke7 45. Bg6 Kd6 46. b4
a5 47. bxa5 bxa5 48. Nb2 Nd7 49. Bf5 Nc5+ 50. Kc2 Be3 51. Nd3 Nxd3 52. Kxd3
1/2-1/2

[Event "XIII - WC Individual Men"]
[Site "Malente GER"]
[Date "2004.07.25"]
[Round "1.11"]
[White "Pushkarev G.P. (KAZ)"]
[Black "Schmid J. (CZE)"]
[Result "1-0"]
[WhiteElo "1805"]
[BlackElo "2083"]
[PlyCount "83"]
[EventDate "2004.??.??"]
[EventType "swiss"]
[EventRounds "11"]
[EventCountry "GER"]

1. d4 d5 2. Nc3 Nf6 3. Bg5 e6 4. e4 dxe4 5. Nxe4 Be7 6. Bxf6 Bxf6 7. Nf3 Nd7 8.
Bd3 O-O 9. h4 c5 10. g4 Bxd4 11. c3 Bf6 12. g5 Be7 13. Qc2 Qc7 14. Ned2 f5 15.
O-O-O Nb6 16. Rde1 a6 17. Ne5 Nd5 18. Ndf3 b5 19. h5 Bd6 20. g6 h6 21. Kb1 Bb7
22. Rh4 Be7 23. Rhh1 Bf6 24. Rhg1 Be7 25. Qc1 Nf6 26. Qe3 Nd5 27. Qc1 Bd6 28.
Bc2 Rfe8 29. Re2 Nf6 30. Rge1 Nxh5 31. Ng1 Nf6 32. Nf7 Bf4 33. Qd1 Bd5 34. Bxf5
e5 35. f3 Bxf7 36. gxf7+ Qxf7 37. Nh3 Red8 38. Qc2 Nd5 39. Nxf4 Nxf4 40. Rxe5
Re8 41. Qe4 Kf8 42. Qxf4 1-0

[Event "XIII - WC Individual Men"]
[Site "Malente GER"]
[Date "2004.07.25"]
[Round "1.11"]
[White "Guy D. (WLS)"]
[Black "Simoes J.W. (POR)"]
[Result "1/2-1/2"]
[WhiteElo "2010"]
[BlackElo "2048"]
[PlyCount "83"]
[EventDate "2004.??.??"]
[EventType "swiss"]
[EventRounds "11"]
[EventCountry "GER"]

1. e4 c5 2. Nf3 d6 3. d4 cxd4 4. Nxd4 Nf6 5. Nc3 a6 6. a4 e6 7. Be2 Be7 8. Be3
Qc7 9. O-O O-O 10. f4 Bd7 11. Kh1 Nc6 12. Nb3 Na5 13. Nd2 Nc6 14. Nc4 Rfe8 15.
e5 dxe5 16. fxe5 Nd5 17. Nxd5 exd5 18. Qxd5 Be6 19. Qe4 Bxc4 20. Bxc4 Qxe5 21.
Qxe5 Nxe5 22. Bb3 Nc6 23. Rae1 Bf6 24. Bc5 Rxe1 25. Rxe1 Rd8 26. c3 g6 27. Rd1
Kg7 28. Rxd8 Bxd8 29. Bd5 Kf6 30. b4 Bc7 31. g3 Nd8 32. Kg2 b6 33. Bd4+ Ke7 34.
c4 Ne6 35. Be3 Kd6 36. Bxe6 fxe6 37. Kf3 a5 38. bxa5 bxa5 39. Ke4 Kc6 40. Bf4
e5 41. Be3 Kd6 42. g4 1/2-1/2

[Event "XIII - WC Individual Men"]
[Site "Malente GER"]
[Date "2004.07.25"]
[Round "1.11"]
[White "Stoklasa J. (CZE)"]
[Black "Gardarsson H. (ISL)"]
[Result "1/2-1/2"]
[WhiteElo "1805"]
[BlackElo "1984"]
[PlyCount "70"]
[EventDate "2004.??.??"]
[EventType "swiss"]
[EventRounds "11"]
[EventCountry "GER"]

1. e4 c5 2. Nf3 e6 3. d4 cxd4 4. Nxd4 Nf6 5. Nc3 Nc6 6. Be3 Qa5 7. Nb3 Qd8 8.
f4 Bb4 9. Qf3 d5 10. exd5 Nxd5 11. Bd2 O-O 12. O-O-O Qf6 13. Nxd5 Bxd2+ 14.
Rxd2 exd5 15. Be2 Bf5 16. Rhd1 Be4 17. Qf2 b6 18. g4 Rac8 19. Bd3 Bxd3 20. Rxd3
Nb4 21. R3d2 Nxa2+ 22. Kb1 Nb4 23. Qd4 Qxd4 24. Nxd4 Rc4 25. c3 Na6 26. f5 Nc5
27. h3 Ne4 28. Re2 Re8 29. Kc2 Kf8 30. Rd3 a6 31. Nf3 Rc5 32. Nh4 f6 33. Ng2 g5
34. fxg6 hxg6 35. Nf4 Kf7 1/2-1/2

[Event "XIII - WC Individual Men"]
[Site "Malente GER"]
[Date "2004.07.25"]
[Round "2.11"]
[White "Bokros I. (HUN)"]
[Black "Salov S. (RUS)"]
[Result "0-1"]
[WhiteElo "2130"]
[BlackElo "2291"]
[PlyCount "50"]
[EventDate "2004.??.??"]
[EventType "swiss"]
[EventRounds "11"]
[EventCountry "GER"]

1. e4 c5 2. Nf3 e6 3. d4 cxd4 4. Nxd4 a6 5. Bd3 Bc5 6. Nb3 Be7 7. Be3 d6 8.
N1d2 Nf6 9. f4 Nc6 10. Qf3 e5 11. f5 d5 12. O-O-O d4 13. Bf2 a5 14. Kb1 a4 15.
Nc1 a3 16. b3 h5 17. g3 Ng4 18. Bg1 Bg5 19. Bb5 Bxd2 20. Rxd2 Qa5 21. Bxc6+
bxc6 22. Rd1 Ba6 23. c3 c5 24. b4 Qb5 25. Nb3 Qe2 0-1

[Event "XIII - WC Individual Men"]
[Site "Malente GER"]
[Date "2004.07.25"]
[Round "2.11"]
[White "Kovalenko V.N. (UKR)"]
[Black "Patackas J.P. (LTU)"]
[Result "1/2-1/2"]
[WhiteElo "2263"]
[BlackElo "1830"]
[PlyCount "94"]
[EventDate "2004.??.??"]
[EventType "swiss"]
[EventRounds "11"]
[EventCountry "GER"]

1. e4 e5 2. Nf3 Nc6 3. d4 exd4 4. Bc4 Be7 5. c3 Na5 6. Qxd4 Nxc4 7. Qxc4 Nf6 8.
Qa4 O-O 9. e5 Ne8 10. O-O d6 11. Bf4 Qd7 12. Qxd7 Bxd7 13. Nbd2 dxe5 14. Nxe5
Be6 15. Ne4 f5 16. Ng5 Bxg5 17. Bxg5 Nf6 18. Bxf6 Rxf6 19. a3 Re8 20. f4 Rff8
21. Rad1 Rd8 22. Kf2 Bb3 23. Rxd8 Rxd8 24. Ke3 c6 25. Rf2 Kf8 26. Rd2 Rxd2 27.
Kxd2 Bd5 28. g3 Ke7 29. c4 Be4 30. Ke3 c5 31. g4 g6 32. g5 Ke6 33. Kd2 a5 34.
Kc3 Kd6 35. Kd2 Ke6 36. Kc3 Kd6 37. Kd2 Ke6 38. Ke3 Kd6 39. Ng4 Bg2 40. Ne5 Be4
41. Kd2 b6 42. Ke3 Ke6 43. Kd2 Kd6 44. Kc3 Bb7 45. Kb3 Ba6 46. a4 Bb7 47. Kc3
Be4 1/2-1/2

[Event "XIII - WC Individual Men"]
[Site "Malente GER"]
[Date "2004.07.25"]
[Round "2.11"]
[White "Vujcic T. (CRO)"]
[Black "Nauryzgaliev A. (KAZ)"]
[Result "0-1"]
[WhiteElo "2128"]
[BlackElo "2060"]
[PlyCount "66"]
[EventDate "2004.??.??"]
[EventType "swiss"]
[EventRounds "11"]
[EventCountry "GER"]

1. e4 c5 2. Nf3 d6 3. d4 cxd4 4. Nxd4 Nf6 5. Nc3 a6 6. Be2 e6 7. Be3 Qc7 8. a4
Nc6 9. O-O Be7 10. Kh1 O-O 11. f4 Kh8 12. Qe1 Nxd4 13. Bxd4 e5 14. Be3 Be6 15.
f5 Bc4 16. Bg5 Rac8 17. Bxc4 Qxc4 18. Bxf6 Bxf6 19. Nd5 Qxc2 20. Rc1 Qxb2 21.
Rb1 Qc2 22. Rxb7 Bg5 23. h4 Bd8 24. Kh2 Qxa4 25. Rb4 Qa2 26. Qg3 a5 27. Rbb1
Rc4 28. Rbe1 a4 29. Qg4 Rg8 30. Rf3 Qd2 31. Rg3 Qxe1 32. f6 Bxf6 33. Nxf6 Rc1
0-1

[Event "XIII - WC Individual Men"]
[Site "Malente GER"]
[Date "2004.07.25"]
[Round "2.11"]
[White "Georgiev V. (BUL)"]
[Black "Pushkarev G.P. (KAZ)"]
[Result "1-0"]
[WhiteElo "2332"]
[BlackElo "1805"]
[PlyCount "79"]
[EventDate "2004.??.??"]
[EventType "swiss"]
[EventRounds "11"]
[EventCountry "GER"]

1. e4 e5 2. Nf3 Nc6 3. Bb5 a6 4. Ba4 d6 5. c3 f5 6. exf5 Bxf5 7. O-O Bd3 8. Re1
Be7 9. Bc2 Bxc2 10. Qxc2 Nf6 11. d4 e4 12. Ng5 d5 13. f3 h6 14. Nh3 O-O 15. Nd2
exf3 16. Nxf3 Ne4 17. Nf4 Rf5 18. Nxd5 Qxd5 19. Qxe4 Qf7 20. Bd2 Rf8 21. Qe6
Bd6 22. Qxf7+ R5xf7 23. Re4 Ne7 24. Rae1 c5 25. dxc5 Bxc5+ 26. Be3 Bxe3+ 27.
R4xe3 Nd5 28. Re8 Nf4 29. Rxf8+ Kxf8 30. Ne5 Rf5 31. g4 Nh3+ 32. Kg2 Rf2+ 33.
Kxh3 Rxb2 34. a4 Ra2 35. Nd7+ Kf7 36. Nb6 Ra3 37. Re3 Rb3 38. a5 Ra3 39. Nc4
Ra4 40. Nd6+ 1-0

[Event "XIII - WC Individual Men"]
[Site "Malente GER"]
[Date "2004.07.25"]
[Round "2.11"]
[White "Hoffmann R. (GER)"]
[Black "Tikhonov A. (RUS)"]
[Result "0-1"]
[WhiteElo "2139"]
[BlackElo "1910"]
[PlyCount "105"]
[EventDate "2004.??.??"]
[EventType "swiss"]
[EventRounds "11"]
[EventCountry "GER"]

1. d4 Nf6 2. c4 e6 3. Nf3 d5 4. Nc3 Be7 5. Bf4 O-O 6. Qb3 c6 7. e3 Nbd7 8. h3
Qa5 9. Be2 dxc4 10. Bxc4 Nd5 11. Ne5 N7f6 12. O-O Nxf4 13. exf4 Nd5 14. Ne2 Qb6
15. Qc2 Bd6 16. Bb3 Nxf4 17. Rad1 Nxe2+ 18. Qxe2 a5 19. Rd3 Qc7 20. Rfd1 a4 21.
Bc2 f6 22. Nc4 Bf4 23. Re1 b5 24. Nd2 Qf7 25. Ne4 Ra7 26. Rc3 Rc7 27. Nc5 Bd6
28. a3 Bxc5 29. Rxc5 Rd8 30. Be4 Bb7 31. Rec1 Qd7 32. Bb1 g6 33. Ba2 Kg7 34. d5
e5 35. Qd3 Rdc8 36. Qc3 Qd6 37. Qa5 e4 38. Qb4 Qe7 39. Qc3 Ba8 40. Qa5 e3 41.
fxe3 Qxe3+ 42. Kh1 Qe5 43. R1c2 Qf4 44. Qc3 Re7 45. Rc1 Re3 46. Qb4 Re4 47. Qa5
Rce8 48. Rg1 b4 49. Rcc1 Re2 50. Rcf1 Qd6 51. axb4 R8e3 52. Qa7+ Kh6 53. Rf2
0-1

[Event "XIII - WC Individual Men"]
[Site "Malente GER"]
[Date "2004.07.25"]
[Round "2.11"]
[White "Gardarsson H. (ISL)"]
[Black "Checiak K. (POL)"]
[Result "0-1"]
[WhiteElo "1984"]
[BlackElo "2117"]
[PlyCount "40"]
[EventDate "2004.??.??"]
[EventType "swiss"]
[EventRounds "11"]
[EventCountry "GER"]

1. d4 Nf6 2. c4 e6 3. Nf3 b6 4. g3 Ba6 5. b3 Bb4+ 6. Bd2 Be7 7. Nc3 d5 8. Bg2
c6 9. cxd5 cxd5 10. O-O O-O 11. Ne5 Nfd7 12. f4 Nxe5 13. fxe5 Nc6 14. Bf4 Nxd4
15. Be3 Nf5 16. Nxd5 Nxe3 17. Nxe3 Bc5 18. Kf2 Qg5 19. Qd2 Rad8 20. h4 Rxd2 0-1

[Event "XIII - WC Individual Men"]
[Site "Malente GER"]
[Date "2004.07.25"]
[Round "2.11"]
[White "Simoes J.W. (POR)"]
[Black "Bairamov A. (TKM)"]
[Result "1-0"]
[WhiteElo "2048"]
[BlackElo "1805"]
[PlyCount "33"]
[EventDate "2004.??.??"]
[EventType "swiss"]
[EventRounds "11"]
[EventCountry "GER"]

1. e4 c6 2. d4 d5 3. Nc3 dxe4 4. Nxe4 Bf5 5. Ng3 Bg6 6. Nf3 Nd7 7. Bd3 e6 8.
O-O Ngf6 9. Ng5 Bxd3 10. Qxd3 h6 11. Nxe6 Qb6 12. Nxf8 Kxf8 13. b3 Re8 14. Nf5
Qc7 15. Ba3+ c5 16. dxc5 Nxc5 17. Qg3 1-0

[Event "XIII - WC Individual Men"]
[Site "Malente GER"]
[Date "2004.07.25"]
[Round "2.11"]
[White "Gründer M. (GER)"]
[Black "Guy D. (WLS)"]
[Result "1/2-1/2"]
[WhiteElo "1805"]
[BlackElo "2010"]
[PlyCount "87"]
[EventDate "2004.??.??"]
[EventType "swiss"]
[EventRounds "11"]
[EventCountry "GER"]

1. c4 e5 2. Nc3 Nc6 3. g3 Nf6 4. Bg2 g6 5. Nf3 Bg7 6. O-O O-O 7. d4 exd4 8.
Nxd4 Nxd4 9. Qxd4 d6 10. Qd2 Re8 11. b3 Rb8 12. Bb2 a6 13. Rfd1 Qe7 14. Rac1 b6
15. Bc6 Bd7 16. Bf3 Qd8 17. Nd5 Nxd5 18. Bxg7 Kxg7 19. cxd5 f6 20. Rc4 Re5 21.
Rdc1 Rc8 22. Qc3 c5 23. dxc6 Be6 24. Re4 Rc5 25. Qe3 Rxc1+ 26. Qxc1 Bd5 27. Rh4
g5 28. Rd4 Rxc6 29. Qe3 Bxf3 30. Qxf3 Qc7 31. Kg2 Rc3 32. Rd3 Rxd3 33. Qxd3
Qc6+ 34. f3 a5 35. Qe3 d5 36. Qe7+ Kg6 37. h4 gxh4 38. gxh4 h5 39. Qd8 Qe6 40.
Kf2 Qc6 41. Qg8+ Kh6 42. Qh8+ Kg6 43. Qg8+ Kh6 44. Qh8+ 1/2-1/2

[Event "XIII - WC Individual Men"]
[Site "Malente GER"]
[Date "2004.07.25"]
[Round "2.11"]
[White "Màtè B. (HUN)"]
[Black "Stoklasa J. (CZE)"]
[Result "0-1"]
[WhiteElo "2182"]
[BlackElo "1805"]
[PlyCount "56"]
[EventDate "2004.??.??"]
[EventType "swiss"]
[EventRounds "11"]
[EventCountry "GER"]

1. g3 Nf6 2. Bg2 g6 3. e4 d6 4. d4 Bg7 5. f4 O-O 6. Qe2 c5 7. d5 a6 8. a4 Qc7
9. Nf3 e6 10. dxe6 Bxe6 11. O-O Nc6 12. Bd2 Rfe8 13. Ng5 Bg4 14. Qd3 h6 15. Nh3
Bxh3 16. Bxh3 Nxe4 17. c3 Rad8 18. Be3 d5 19. Na3 d4 20. cxd4 Nxd4 21. Qc4 Nxg3
22. hxg3 Rxe3 23. Kh2 Nf3+ 24. Rxf3 Rxf3 25. Qe2 Rfd3 26. Nc4 b5 27. axb5 axb5
28. Ne5 Rd2 0-1

[Event "XIII - WC Individual Men"]
[Site "Malente GER"]
[Date "2004.07.25"]
[Round "2.11"]
[White "Schmid J. (CZE)"]
[Black "Gardner P.K. (ENG)"]
[Result "1/2-1/2"]
[WhiteElo "2083"]
[BlackElo "1830"]
[PlyCount "52"]
[EventDate "2004.??.??"]
[EventType "swiss"]
[EventRounds "11"]
[EventCountry "GER"]

1. e4 c5 2. Nf3 d6 3. d4 cxd4 4. Nxd4 Nf6 5. Nc3 a6 6. Be3 e5 7. Nb3 Be6 8. f3
Be7 9. Qd2 O-O 10. O-O-O b5 11. g4 b4 12. Nd5 Bxd5 13. exd5 a5 14. Qf2 Nbd7 15.
Kb1 a4 16. Nc1 Ra5 17. Bc4 Qa8 18. Qd2 Rb8 19. Rhg1 Bd8 20. g5 Ne8 21. Rg3 Bb6
22. Rh3 Bxe3 23. Qxe3 Nb6 24. Qe4 Nxc4 25. Qxc4 Rc5 26. Qh4 Rxd5 1/2-1/2

[Event "XIII - WC Individual Men"]
[Site "Malente GER"]
[Date "2004.07.25"]
[Round "2.11"]
[White "Smatoc M. (ROU)"]
[Black "Wagner P. (SUI)"]
[Result "1/2-1/2"]
[WhiteElo "2090"]
[BlackElo "1810"]
[PlyCount "116"]
[EventDate "2004.??.??"]
[EventType "swiss"]
[EventRounds "11"]
[EventCountry "GER"]

1. c4 e5 2. Nc3 Nf6 3. g3 Nc6 4. Bg2 Bb4 5. Nd5 Be7 6. e3 O-O 7. Ne2 d6 8. O-O
Re8 9. b3 Bf8 10. Bb2 Be6 11. Nxf6+ gxf6 12. d4 Bc8 13. Qd2 Bg7 14. Nc3 Rb8 15.
Rae1 Ne7 16. f4 Bd7 17. Rf2 Bc6 18. d5 Bd7 19. Ref1 Rf8 20. e4 Ng6 21. f5 Ne7
22. Qe2 Kh8 23. Qh5 Qe8 24. g4 Ng8 25. Rf3 Qe7 26. Bc1 Rbd8 27. Rh3 h6 28. Rff3
Kh7 29. Rfg3 Be8 30. g5 fxg5 31. f6 Bxf6 32. Bxg5 Bxg5 33. Qxg5 Qxg5 34. Rxg5
f6 35. Rgg3 Ne7 36. Rf3 Bd7 37. Rhg3 a6 38. Rf2 Ng6 39. Ne2 Rf7 40. Bh3 Bxh3
41. Rxh3 Rg8 42. Kf1 Rgf8 43. Rf5 Kg7 44. Ke1 Rh8 45. Kd2 Ne7 46. Rg3+ Kf8 47.
Rh5 Rg7 48. Rf3 Kf7 49. b4 Rg5 50. Rhh3 Ng6 51. c5 dxc5 52. bxc5 h5 53. Rf2 Ke7
54. Rb3 Rb8 55. Rbf3 Rf8 56. Rb3 Rb8 57. Rbf3 Rf8 58. Rb3 Rb8 1/2-1/2